LABOUR DISPUTES AND THEIR RESOLUTIONS IN CHINA (Record no. 1309711)
[ view plain ]
| 000 -LEADER | |
|---|---|
| fixed length control field | 00459nam a22001697a 4500 |
| 003 - CONTROL NUMBER IDENTIFIER | |
| control field | OSt |
| 005 - DATE AND TIME OF LATEST TRANSACTION | |
| control field | 20250507162912.0 |
| 008 - FIXED-LENGTH DATA ELEMENTS--GENERAL INFORMATION | |
| fixed length control field | 250429b |||||||| |||| 00| 0 eng d |
| 020 ## - INTERNATIONAL STANDARD BOOK NUMBER | |
| International Standard Book Number | 9781843341802 |
| 040 ## - CATALOGING SOURCE | |
| Transcribing agency | RDA |
| 100 ## - MAIN ENTRY--PERSONAL NAME | |
| Personal name | SHEN, JIE., |
| Relator term | AUTHOR |
| 9 (RLIN) | 753364 |
| 245 ## - TITLE STATEMENT | |
| Title | LABOUR DISPUTES AND THEIR RESOLUTIONS IN CHINA |
| Statement of responsibility, etc. | By Jie Shen |
| 260 ## - PUBLICATION, DISTRIBUTION, ETC. | |
| Place of publication, distribution, etc. | UNITED KINGDOM,LONDON |
| Name of publisher, distributor, etc. | CHANDOS |
| Date of publication, distribution, etc. | 2007 |
| 300 ## - PHYSICAL DESCRIPTION | |
| Extent | xiv,164P |
| 650 ## - SUBJECT ADDED ENTRY--TOPICAL TERM | |
| Source of heading or term | Resolutions |
| 942 ## - ADDED ENTRY ELEMENTS (KOHA) | |
| Source of classification or shelving scheme | Colon Classification (CC) |
| Koha item type | General Books |
| Suppress in OPAC | No |
| Withdrawn status | Lost status | Source of classification or shelving scheme | Damaged status | Not for loan | Home library | Current library | Shelving location | Date acquired | Total Checkouts | Full call number | Barcode | Date last seen | Date last checked out | Price effective from | Koha item type |
|---|---|---|---|---|---|---|---|---|---|---|---|---|---|---|---|
| Colon Classification (CC) | Faculty of Management Library | Faculty of Management Library | General Stacks | 2019-03-07 | 1 | X:979C.41 P7 | ML1634964 | 2025-05-15 | 2025-05-15 | 2025-04-29 | General Books |
